000 00289nam a22001337a 4500
008 170315b xxu||||| |||| 00| 0 eng d
020 _a9780077230265
041 _aeng
080 _28TH
_a611
100 _a7
101 _aSHM
245 _aANATOMY & PHYSIOLOGY
_cWISE, E
942 _2udc
_cBK
999 _c7910
_d7910